[Event "Jastrzebie Zdroj op 4th"]
[Site "Jastrzebie Zdroj"]
[Date "2021.11.10"]
[Round "5"]
[White "Gawron, Tobiasz"]
[Black "Piechota, Kamil"]
[Result "0-1"]
[WhiteElo "1190"]
[BlackElo "1752"]
[PlyCount "68"]
[EventDate "2021.11.07"]
[EventType "swiss"]
[EventRounds "9"]
[EventCountry "POL"]
[SourceTitle "CBM 205 Extra"]
[Source "ChessBase"]
[SourceDate "2022.01.31"]
[SourceVersion "1"]
[SourceVersionDate "2022.01.31"]
[SourceQuality "1"]

1. e4 e5 2. Nf3 Nc6 3. d4 exd4 4. Nxd4 Nf6 5. Nc3 Bb4 6. Nxc6 bxc6 7. Bd3 d5 8. exd5 cxd5 9. 0-0 0-0 10. Bg5 c6 11. a3 Ba5 12. Qf3 Re8 13. b4 Bc7 14. Rae1 Be5 15. Na4 h6 16. Bh4 g5 17. Bg3 Bg4 18. Qe3 Bc3 19. Bh7+ Kxh7 20. Qd3+ Kg8 21. Rxe8+ Qxe8 22. Qxc3 Ne4 23. Qd4 Nxg3 24. hxg3 Bf5 25. c3 a5 26. Nc5 axb4 27. axb4 Ra2 28. Qf6 Bg6 29. Qd6 Kg7 30. Rc1 Qe2 31. Rf1 Bh5 32. Nd7 Qxf1+ 33. Kh2 Qxf2 34. Qf8+ Kh7 0-1

[Event "Jastrzebie Zdroj op 4th"]
[Site "Jastrzebie Zdroj"]
[Date "2021.11.09"]
[Round "4"]
[White "Kordela, Kamil"]
[Black "Gawron, Tobiasz"]
[Result "0-1"]
[WhiteElo "1343"]
[BlackElo "1190"]
[PlyCount "98"]
[EventDate "2021.11.07"]
[EventType "swiss"]
[EventRounds "9"]
[EventCountry "POL"]
[SourceTitle "CBM 205 Extra"]
[Source "ChessBase"]
[SourceDate "2022.01.31"]
[SourceVersion "1"]
[SourceVersionDate "2022.01.31"]
[SourceQuality "1"]

1. d4 d5 2. c4 c6 3. Nc3 Nf6 4. Nf3 Bf5 5. e3 e6 6. b3 Bb4 7. Bd2 0-0 8. Be2 Qa5 9. Na4 Bxd2+ 10. Qxd2 Qxd2+ 11. Nxd2 Nbd7 12. 0-0 a6 13. Nc3 b5 14. c5 Rfe8 15. f4 Bg4 16. h3 Bxe2 17. Nxe2 a5 18. a4 bxa4 19. bxa4 Rab8 20. Rab1 Rec8 21. Ng3 Nf8 22. Nf3 Ng6 23. Ne5 Nxe5 24. dxe5 Ne8 25. Nh5 Nc7 26. Ng3 Na6 27. e4 Nb4 28. Rb3 Nc2 29. Rfb1 Rxb3 30. Rxb3 Nd4 31. Rb6 h6 32. Kf2 Kh7 33. Ke3 Nc2+ 34. Kd2 Na3 35. Rb7 Kg6 36. h4 h5 37. Kd3 Nc4 38. Kd4 f6 39. exf6 Kxf6 40. Nxh5+ Kg6 41. Nxg7 e5+ 42. Kd3 Rg8 43. Nf5 Kh5 44. Rh7+ Kg6 45. Rh6+ Kf7 46. Rxc6 Rxg2 47. exd5 Nb2+ 48. Ke4 Rg4 49. Kxe5 Nc4+ 0-1

[Event "POL-ch U10"]
[Site "Jastrzebia Gora"]
[Date "2021.??.??"]
[Round "1"]
[White "Kisiel, Wiktor"]
[Black "Gawron, Tobiasz"]
[Result "0-1"]
[WhiteElo "1322"]
[BlackElo "1071"]
[PlyCount "78"]
[EventDate "2021.02.28"]
[EventType "swiss"]
[EventRounds "9"]
[EventCountry "POL"]
[SourceTitle "EXT 2022"]
[Source "ChessBase"]
[SourceDate "2021.10.06"]
[SourceVersion "1"]
[SourceVersionDate "2021.10.06"]
[SourceQuality "1"]

1. e4 c5 2. Nc3 e6 3. f4 d5 4. Bb5+ Bd7 5. Bxd7+ Qxd7 6. Nf3 dxe4 7. Nxe4 Be7 8. d3 Nf6 9. 0-0 0-0 10. Qe1 Nxe4 11. Qxe4 f5 12. Qe2 h6 13. Re1 Rf6 14. b3 Nc6 15. Bb2 Rg6 16. h4 Rg4 17. Qxe6+ Qxe6 18. Rxe6 Rxf4 19. Rg6 Rg4 20. Rxg4 fxg4 21. Ne5 Bf6 22. Nxc6 Bxb2 23. Rb1 Bf6 24. Na5 b6 25. Nc4 Bxh4 26. Ne5 g3 27. Rf1 Bf6 28. Ng4 Bd4+ 29. Kh1 Rf8 30. Rf3 h5 31. Rxg3 hxg4 32. Rxg4 Rf1+ 33. Kh2 Be5+ 34. g3 Rf2+ 35. Kh1 Rxc2 36. Ra4 a5 37. Rg4 Rxa2 38. Rg6 Bf6 39. Rg4 Ra3 0-1

[Event "POL-ch U10"]
[Site "Jastrzebia Gora"]
[Date "2021.??.??"]
[Round "9"]
[White "Klonowski, Kacper"]
[Black "Gawron, Tobiasz"]
[Result "1/2-1/2"]
[WhiteElo "1197"]
[BlackElo "1071"]
[PlyCount "89"]
[EventDate "2021.02.28"]
[EventType "swiss"]
[EventRounds "9"]
[EventCountry "POL"]
[SourceTitle "EXT 2022"]
[Source "ChessBase"]
[SourceDate "2021.10.06"]
[SourceVersion "1"]
[SourceVersionDate "2021.10.06"]
[SourceQuality "1"]

1. d4 d5 2. c4 e6 3. Nc3 Nf6 4. Bg5 c6 5. e3 Nbd7 6. Nf3 Qa5 7. Qa4 Qxa4 8. Nxa4 Bb4+ 9. Nc3 Ne4 10. Rc1 Nb6 11. cxd5 Nxd5 12. Bd3 Nexc3 13. bxc3 Nxc3 14. 0-0 Nxa2 15. Rc4 Bd6 16. Rb1 a5 17. e4 Nb4 18. Be2 f6 19. Bh4 0-0 20. e5 fxe5 21. dxe5 Bc7 22. Be7 Rf7 23. Bxb4 axb4 24. Rcxb4 Rd7 25. Bc4 Re7 26. Be2 b6 27. g3 Bb7 28. R4b3 c5 29. Re3 Rf7 30. Ng5 Re7 31. Bc4 Bd5 32. Bd3 h6 33. Nh3 c4 34. Be2 Ra5 35. Nf4 b5 36. Bf3 Bxf3 37. Rxf3 Rf7 38. Re3 Bb6 39. Re2 Re7 40. Ng2 c3 41. Ne1 Rd7 42. Rc2 Rc7 43. Kf1 Rc4 44. Nd3 Bd4 45. Ke2 1/2-1/2